Demon Slayer Quiz (SPOILERS) - Statistics

General Stats
  • This quiz has been taken 126 times
  • The average score is 34 of 67
Answer Stats
Questions Answers % Correct
Who is the main character? Tanjiro Kamado
100%
Who is his sister? Nezuko Kamado
98%
Who is the Sound Hashira? Tengen Uzui
82%
Who is the Flame Hashira? Kyojuro Rengoku
81%
Who is his thunder-breathing friend? Zenitsu Agatsuma
77%
Who is the Love Hashira? Mitsuri Kanroji
74%
Who is the Water Hashira? Giyu Tomioka
73%
Who is his beast-breathing friend? Inosuke Hashibira
72%
Who is the Insect Hashira? Shinobu Kocho
72%
Who is the Serpent Hashira? Iguro Obanai
70%
Who is the Mist Hashira? Muichiro Tokito
70%
Who is the Stone Hashira? Gyomei Himejima
67%
Who is the Wind Hashira? Sanemi Shinazugawa
67%
Who is the Wind Hashira's brother? Genya Shinazugawa
65%
Who is the Upper Moon 3? Akaza
64%
Who is the Upper Moon 2? Douma
63%
Who is the Upper Moon 1? Kokushibo
60%
Who is the Upper Moon 6 (old)(sister) Daki
59%
Who is the Upper Moon 5? Gyokko
59%
Who is the Upper Moon 6 (old)(brother) Gyutaro
59%
Who is the known as the "King of Demons?" Muzan Kibutsuji
59%
Who is the "Spider" demon? Rui
58%
Who is the physically weakest hashira? Shinobu Kocho
57%
Who is the "Dream" demon? Enmu
56%
Who is the first demon who escaped Muzan's control? Lady Tamayo
56%
Who is the Upper Moon 4 (old) Hantengu
55%
What is the name of the first Hashira that Tanjiro meets? Giyu Tomioka
53%
Who killed Kyojuro Rengoku? Akaza
52%
Who is the strongest hashira? Gyomei Himejima
52%
Who is the Upper Moon 6? Kaigaku
52%
Who killed Shinobu Kocho? Douma
51%
Fandom says he has "Galaxy Breathing" Murata
51%
Who is the Upper Moon 4 (new) Nakime
51%
Who is her sidekick? Yushiro
51%
Who trained the Love Hashira? Kyojuro Rengoku
50%
Who is the Insect Hashira's Tsuguko? Kanao Tsuyuri
49%
What is the Japanese name for the anime "Demon Slayer?" Kimetsu No Yaiba
49%
In fannon ships, the Water Hashira is shipped with a girl, who is it? Shinobu Kocho
48%
Which Hashira survives the final battle and dies at 25? Giyu Tomioka
47%
Who killed Tokito Muichiro? Kokushibo
47%
Who killed Mitsuri Kanroji? Muzan Kibutsuji
47%
Who killed Iguro Obanai? Muzan Kibutsuji
47%
Who killed Gyomei Himejima? Muzan Kibutsuji
47%
Which Hashira survives the final battle and dies at 25? (there's two) Sanemi Shinazugawa
47%
What is the name of the Mist Hashira's late brother? Yuichiro Tokito
47%
Who is the strongest character in the verse? Yoriichi Tsugikuni
45%
Which Hashira helped create the poison against Muzan? Shinobu Kocho
44%
Who is the master of the Demon Slayer Corps? Kagaya Ubuyashiki
42%
Who is the Flame Hashira's little brother? Senjuro Rengoku
42%
Who is the Flame Hashira's father? Shinjuro Rengoku
42%
Which demon helped create the poison against Muzan? Lady Tamayo
41%
What is the human name of Upper Moon 6 (sister) Ume
40%
What is the human name of Upper Moon 1? Michikatsu Tsugikuni
39%
What is the human name of Upper Moon 3? Hakuji
36%
What is the name of the arc where Tanjiro and his team fight Upper 6? Entertainment District Arc
35%
What is the name of the arc where Tanjiro and his team fight Enmu? Mugen Train Arc
35%
Which Hashira survives the final battle? Tengen Uzui
34%
What are the techniques used by the demon slayers? Breathing Styles
32%
In fannon ships, the Water Hashira is shipped with a boy, who is it? Sanemi Shinazugawa
32%
Which demon lives the longest? Yushiro
32%
What are the special abilities given to certain demons called? Blood Demon Arts
31%
What is the master's wife's FIRST name? Amane
30%
What company designs the animation for Demon Slayer? Ufotable
30%
What is Muzan's system of power for his demons called? Twelve Kizuki
25%
Which era does Season 1 Episode 1 take place in? Taisho Era
22%
Which era was Yoriichi born in? Sengoku Era
10%
Which era was Muzan born in? Heian Period
5%
No matching quizzes found
Score Distribution
Percent of People with Each Score
Percentile by Number Answered
Your Score History
You have not taken this quiz